00701nam a2200169 a 450000500170000000800410001702000180005805000230007610000260009924501400012526000380026530000220030365000350032565000390036099900190039995201130041820140412111247.0010502s19uu xx 00 eng d a0-307-23291-3 aTR(PS EbGr89 1986 aHazen, Barabara Shook aGrowing up is hard sometimes :ba book about independence and responsibility /cby Barbara Shook Hazen; illustrated by Carolyn Bracken. aNew York :bA Golden Book,c1986. a1v. (unp.) ; ill. aGrowing up-Juvenile literature aResponsibility-Juvenile literature c102963d102963 001040aELbELcTRd2001-05-02eLib. Fundl0oTR(PS E Gr89 1986pE3426r2014-04-12 00:00:00w2014-04-12yBK